000 01008nam a22002537a 4500
005 20100826122442.0
008 090109t xxu||||| |||| 00| 0urd d
010 _aUR-8008
020 _c100.00
035 _aU-6563
037 _bDBAD/PUB
040 _aDPL
_burdu
082 _a841
100 _912785
_aتد و ین و تقد یم : فخر ا لکر یم
245 _aگا ند ھی نا مہ :
_bا کپر ا لہ آ پا د ی /
_cتد و ین و تقد یم : فخر ا لکر یم
246 _aGandhi Nama: Long Poem of Akbar Allahabadi /
_bEdited by F.K. Siddiqui
260 _aا لہ آ پا د
_c2010 ء
_bا د ا رۂ نیا سفر ‎‏‏
270 _bAllahabad
300 _a88 ص
_c22 س م (Pb)
650 _912786
700 _954088
_aتد و ین و تقد یم : فخر ا لکر یم
942 _2ddc
_cUR
_h841
_mف خ ر
999 _c71989
_d71989